Talianska vláda bojuje o získanie medzinárodnej dôvery
Politická stabilita, modernizácia štátu a dosiahnutie významnejšieho postavenia v rámci Európskej únie - hlavné ciele ambiciózneho programu súčasnej talianskej vlády. Prekvapujúco slabý rast r. 1996 len krátkodobý. Štátny rozpočet a euromena. Prehlbovanie rozdielov medzi regiónmi. Ťažká situácia v S...
Uložené v:
| Hlavný autor: | |
|---|---|
| Médium: | Kapitola |
| Jazyk: | Slovak |
| Predmet: | |
| Tagy: |
Žiadne tagy, Buďte prvý, kto otaguje tento záznam!
|
MARC
| LEADER | 00000naa a2200000 4500 | ||
|---|---|---|---|
| 001 | r021853 | ||
| 005 | 20230801110157.9 | ||
| 041 | 0 | |a slo | |
| 044 | |a SK | ||
| 245 | 1 | 0 | |a Talianska vláda bojuje o získanie medzinárodnej dôvery |c J. Janoška |
| 520 | |a Politická stabilita, modernizácia štátu a dosiahnutie významnejšieho postavenia v rámci Európskej únie - hlavné ciele ambiciózneho programu súčasnej talianskej vlády. Prekvapujúco slabý rast r. 1996 len krátkodobý. Štátny rozpočet a euromena. Prehlbovanie rozdielov medzi regiónmi. Ťažká situácia v Sicílii. Mestá aktérmi na kapitálovom trhu. Zvyšovanie významu stredných firiem. Kríza talianskeho bankovníctva. | ||
| 610 | 2 | 0 | |a Taliansko |
| 610 | 2 | 0 | |a Európska únia |
| 610 | 2 | 0 | |a Sicília |
| 610 | 2 | 0 | |a 1994-1996 |
| 610 | 2 | 0 | |a rast hospodársky |
| 610 | 2 | 0 | |a ukazovatele ekonomické |
| 610 | 2 | 0 | |a trh kapitálový |
| 610 | 2 | 0 | |a bankovníctvo |
| 610 | 2 | 0 | |a rozpočet štátny |
| 100 | 1 | |a Janoška, J. | |